Steelers Players With 1000 Scrimmage Yards - Statistics

General Stats
  • This quiz has been taken 86 times
  • The average score is 51 of 88
Answer Stats
Position (Year) Yards Player % Correct
WR (2015) 1,862 Antonio Brown
99%
WR (2014) 1,711 Antonio Brown
99%
WR (2017) 1,533 Antonio Brown
99%
WR (2013) 1,503 Antonio Brown
99%
WR (2018) 1,297 Antonio Brown
99%
WR (2016) 1,293 Antonio Brown
99%
WR (2011) 1,149 Antonio Brown
99%
RB (2021) 1,667 Najee Harris
97%
RB (2024) 1,326 Najee Harris
97%
RB (2022) 1,263 Najee Harris
97%
RB (2023) 1,205 Najee Harris
97%
FB (1979) 1,477 Franco Harris
96%
FB (1975) 1,460 Franco Harris
96%
FB (1983) 1,285 Franco Harris
96%
FB (1976) 1,279 Franco Harris
96%
FB (1981) 1,237 Franco Harris
96%
FB (1972) 1,235 Franco Harris
96%
FB (1978) 1,226 Franco Harris
96%
FB (1977) 1,224 Franco Harris
96%
FB (1974) 1,206 Franco Harris
96%
RB (2014) 2,215 Le'Veon Bell
94%
RB (2017) 1,946 Le'Veon Bell
94%
RB (2016) 1,884 Le'Veon Bell
94%
RB (2013) 1,259 Le'Veon Bell
94%
RB (1997) 1,775 Jerome Bettis
90%
RB (1996) 1,553 Jerome Bettis
90%
RB (2000) 1,438 Jerome Bettis
90%
RB (1998) 1,275 Jerome Bettis
90%
RB (1999) 1,201 Jerome Bettis
90%
RB (2001) 1,120 Jerome Bettis
90%
WR (2002) 1,471 Hines Ward
88%
WR (2003) 1,224 Hines Ward
88%
WR (2009) 1,167 Hines Ward
88%
WR (2001) 1,086 Hines Ward
88%
WR (2008) 1,047 Hines Ward
88%
WR (2004) 1,029 Hines Ward
88%
WR (2006) 1,005 Hines Ward
88%
WR (2018) 1,439 JuJu Smith-Schuster
78%
WR (2021) 1,214 Diontae Johnson
67%
WR (2023) 1,158 George Pickens
66%
WR (2009) 1,254 Santonio Holmes
66%
WR (1996) 1,008 Charles Johnson
64%
FB (1962) 1,367 John Henry Johnson
64%
FB (1964) 1,117 John Henry Johnson
64%
FB (1961) 1,049 John Henry Johnson
64%
RB (2018) 1,467 James Conner
61%
RB (2023) 1,154 Jaylen Warren
61%
RB (2006) 1,716 Willie Parker
54%
RB (2007) 1,480 Willie Parker
54%
RB (2005) 1,420 Willie Parker
54%
WR (1984) 1,395 John Stallworth
52%
WR (1979) 1,183 John Stallworth
52%
WR (1981) 1,115 John Stallworth
52%
RB (2010) 1,440 Rashard Mendenhall
51%
RB (2009) 1,369 Rashard Mendenhall
51%
RB (2011) 1,082 Rashard Mendenhall
51%
WR (2002) 1,325 Plaxico Burress
46%
WR (2001) 1,008 Plaxico Burress
46%
RB (2015) 1,274 DeAngelo Williams
40%
WR (2010) 1,296 Mike Wallace
36%
WR (2011) 1,250 Mike Wallace
36%
RB (1976) 1,330 Rocky Bleier
34%
RB (1992) 2,034 Barry Foster
31%
WR (1985) 1,150 Louis Lipps
28%
WR (1989) 1,124 Louis Lipps
28%
WR (1988) 1,102 Louis Lipps
28%
WR (1997) 1,401 Yancey Thigpen
21%
WR (1995) 1,308 Yancey Thigpen
21%
RB (1994) 1,040 Bam Morris
10%
FB (1988) 1,192 Merril Hoge
10%
FB (1990) 1,114 Merril Hoge
10%
FB (1986) 1,079 Earnest Jackson
9%
FB (1985) 1,241 Frank Pollard
9%
FB (1984) 1,037 Frank Pollard
9%
WR/FL (1968) 1,131 Roy Jefferson
9%
WR (1969) 1,125 Roy Jefferson
9%
RB (1986) 1,272 Walter Abercrombie
9%
RB (1985) 1,060 Walter Abercrombie
9%
RB (2002) 1,103 Amos Zereoue
7%
RB (1968) 1,111 Dick Hoak
7%
FB (1971) 1,052 John Fuqua
7%
FB/LH (1959) 1,067 Tom Tracy
7%
HB (1960) 1,029 Tom Tracy
7%
WR/FL (1963) 1,295 Buddy Dial
4%
WR/LE (1961) 1,053 Buddy Dial
4%
RB (1995) 1,019 Erric Pegram
4%
RB (1993) 1,022 Leroy Thompson
3%
FB/RH (1958) 1,249 Tom Tracey
1%
No matching quizzes found
Score Distribution
Percent of People with Each Score
Percentile by Number Answered
Your Score History
You have not taken this quiz